书目信息 |
| 题名: |
千年海盗
|
|
| 作者: | 李子迟 编著 | |
| 分册: | ||
| 出版信息: | 重庆 重庆出版社 2009 |
|
| 页数: | 211页 | |
| 开本: | 21cm | |
| 丛书名: | ||
| 单 册: | ||
| 中图分类: | D59 | |
| 科图分类: | ||
| 主题词: | 海盗--历史--世界 , 海盗 | |
| 电子资源: | ||
| ISBN: | 978-7-229-00794-2 | |
| 000 | 00609nam0 2200229 45 | |
| 001 | 1029440726 | |
| 005 | 20100428090622.21 | |
| 010 | @a978-7-229-00794-2@dCNY28.00 | |
| 100 | @a20100426d2009 em y0chiy50 ea | |
| 101 | 0 | @achi |
| 102 | @aCN@b500000 | |
| 105 | @aab z 000yy | |
| 106 | @ar | |
| 200 | 1 | @a千年海盗@AQian Nian Hai Dao@f李子迟编著@FLi Zi Chi Bian Zhu |
| 210 | @a重庆@c重庆出版社@d2009 | |
| 215 | @a211页@d21cm | |
| 606 | 0 | @a海盗@x历史@y世界 |
| 606 | 0 | @a海盗 |
| 690 | @aD59@v4 | |
| 701 | 0 | @a李子迟@ALi Zi Chi@4编著 |
| 801 | 0 | @aCN@bTANGWEI@c20100428 |
| 905 | @b0595608-12@dD59@e176@f5 | |
| 千年海盗/李子迟编著.-重庆:重庆出版社,2009 |
| 211页;21cm |
| ISBN 978-7-229-00794-2:CNY28.00 |
| ● |
| 相关链接 |
|
|
|
|
正题名:千年海盗
索取号:D59/176
 
预约/预借
| 序号 | 登录号 | 条形码 | 馆藏地/架位号 | 状态 | 备注 |
| 1 | 0595608 | 205956081 | 第一样本阅览室/ [索取号:D59/176] | 在馆 | |
| 2 | 0595609 | 205956090 | 第一借阅区/ [索取号:D59/176] | 在馆 | |
| 3 | 0595610 | 205956107 | 第一借阅区/ [索取号:D59/176] | 在馆 | |
| 4 | 0595611 | 205956116 | 第一借阅区/ [索取号:D59/176] | 在馆 | |
| 5 | 0595612 | 205956125 | 第一借阅区/ [索取号:D59/176] | 在馆 |